Eastern Utah Libraries Catalog: Duchesne, Heber, Roosevelt, & Vernal

Christina's carol / (Record no. 415121)

MARC details
000 -LEADER
fixed length control field 01420cam a22003974i 4500
001 - CONTROL NUMBER
control field on1113429138
003 - CONTROL NUMBER IDENTIFIER
control field OCoLC
005 - DATE AND TIME OF LATEST TRANSACTION
control field 20260112170710.0
008 - FIXED-LENGTH DATA ELEMENTS--GENERAL INFORMATION
fixed length control field 190816s2021 nyua b 000 0 eng
010 ## - LIBRARY OF CONGRESS CONTROL NUMBER
LC control number 2019035925
020 ## - INTERNATIONAL STANDARD BOOK NUMBER
International Standard Book Number 9781534418486
Qualifying information (hardcover) :
Terms of availability $17.99
020 ## - INTERNATIONAL STANDARD BOOK NUMBER
International Standard Book Number 1534418482
020 ## - INTERNATIONAL STANDARD BOOK NUMBER
Cancelled/invalid ISBN 9781534418493
Qualifying information (ebook)
035 ## - SYSTEM CONTROL NUMBER
System control number (OCoLC)1113429138
040 ## - CATALOGING SOURCE
Original cataloging agency DLC
Language of cataloging eng
Description conventions rda
Transcribing agency DLC
Modifying agency OCLCF
-- OCLCO
-- BDX
-- YDX
-- MJ8
-- UPB
042 ## - AUTHENTICATION CODE
Authentication code lcac
-- pcc
050 00 - LIBRARY OF CONGRESS CALL NUMBER
Classification number PZ8.3.R744
Item number Ch 2021
082 00 - DEWEY DECIMAL CLASSIFICATION NUMBER
Classification number 782.42
-- E
Edition number 23
092 ## - LOCALLY ASSIGNED DEWEY CALL NUMBER (OCLC)
Classification number children holiday
Item number Rossetti
100 1# - MAIN ENTRY--PERSONAL NAME
Personal name Rossetti, Christina Georgina,
Dates associated with a name 1830-1894,
Relator term author.
9 (RLIN) 6926
245 10 - TITLE STATEMENT
Title Christina's carol /
Statement of responsibility, etc illustrations by Tomie dePaola.
250 ## - EDITION STATEMENT
Edition statement First edition.
264 #1 - Production, Publication, Distribution, Manufacture, and Copyright Notice.
Place of production, publication, distribution, manufacture New York :
Name of producer, publisher, distributor, manufacturer Simon & Schuster Books for Young Readers,
Date of production, publication, distribution, manufacture, or copyr [2021]
300 ## - PHYSICAL DESCRIPTION
Extent 32 unnumbered pages :
Other physical details color illustrations ;
Dimensions 24 x 29 cm
336 ## - Content Type
Content type term text
336 ## - Content Type
Content type term still image
337 ## - Media type
Media type term unmediated
338 ## - Carrier type
Carrier type term volume
520 ## - SUMMARY, ETC.
Summary, etc Presents an illustrated version of the Christmas carol written by English poet Christina Rosetti.
521 1# - TARGET AUDIENCE NOTE
Target audience note "Ages 4-8"--Jacket.
583 ## - ACTION NOTE
Action Jcat
Time/date of action 20211019
Action agent pjr
Institution to which field applies UPB
650 #0 - SUBJECT ADDED ENTRY--TOPICAL TERM
Topical term or geographic name as entry element Carols, English
Form subdivision Texts.
9 (RLIN) 6499687
650 #0 - SUBJECT ADDED ENTRY--TOPICAL TERM
Topical term or geographic name as entry element Christmas music.
700 1# - ADDED ENTRY--PERSONAL NAME
Personal name DePaola, Tomie,
Dates associated with a name 1934-2020,
Relator term illustrator.
9 (RLIN) 6390397
942 ## - ADDED ENTRY ELEMENTS (KOHA)
Source of classification or shelving scheme Dewey Decimal Classification
Koha item type BOOK
Holdings
Withdrawn status Lost status Source of classification or shelving scheme Damaged status Not for loan Collection code Home library Current library Shelving location Date acquired Source of acquisition Total Checkouts Full call number Barcode Date last seen Cost, replacement price Price effective from Koha item type
    Dewey Decimal Classification     Children Holiday Books Wasatch County Library Wasatch County Library Main Floor Childrens Area 01/12/2026 Donation   E Christmas Rossetti 34301002176958 01/15/2026 17.99 01/12/2026 BOOK
This project was made possible through a grant from the Institute of Museum and Library Service administered by the Utah State Library Division.

Wasatch County Library

  • 465 East 1200 South, Heber City, Utah 84032
  • Phone 435-654-1511 | Fax 435-654-6456

Hours

  • Monday - Friday 9:30 AM - 8:00 PM
  • Saturday 9:30 AM - 1:30 PM
  • Closed Sundays and Holidays